[Event "Greifswald Springer op"]
[Site "Greifswald"]
[Date "2023.10.15"]
[Round "7"]
[White "Borriss, Benjamin"]
[Black "Stopsack, Malte"]
[Result "1/2-1/2"]
[WhiteElo "1607"]
[BlackElo "2173"]
[PlyCount "22"]
[EventDate "2023.10.12"]
[EventType "swiss"]
[EventRounds "7"]
[EventCountry "GER"]
[SourceTitle "CBM 216 Extra"]
[Source "ChessBase"]
[SourceDate "2023.11.30"]
[SourceVersion "1"]
[SourceVersionDate "2023.11.30"]
[SourceQuality "1"]

1. d4 Nf6 2. c4 g6 3. f3 Bg7 4. e4 d6 5. Nc3 0-0 6. Be3 b6 7. Qd2 c5 8. d5 e6 9. Nge2 exd5 10. cxd5 Nbd7 11. Bh6 Nxe4 1/2-1/2

[Event "Greifswald Springer op"]
[Site "Greifswald"]
[Date "2022.10.10"]
[Round "6"]
[White "Borriss, Benjamin"]
[Black "Nittel, Christian"]
[Result "1/2-1/2"]
[WhiteElo "1550"]
[BlackElo "1810"]
[PlyCount "73"]
[EventDate "2022.10.08"]
[EventType "swiss"]
[EventRounds "7"]
[EventCountry "GER"]
[SourceTitle "CBM 210 Extra"]
[Source "ChessBase"]
[SourceDate "2022.11.30"]
[SourceVersion "1"]
[SourceVersionDate "2022.11.30"]
[SourceQuality "1"]

1. d4 d5 2. c4 c6 3. Nc3 Nf6 4. Nf3 e6 5. Bg5 dxc4 6. a4 Be7 7. e3 0-0 8. Bxc4 b6 9. 0-0 Ba6 10. Bxa6 Nxa6 11. Qe2 Nb4 12. Rfd1 Rc8 13. Rac1 Qc7 14. e4 Qb7 15. e5 Nfd5 16. Ne4 Bxg5 17. Nfxg5 Qe7 18. Nf3 Nf4 19. Qd2 Nbd5 20. g3 Ng6 21. Nd6 Rc7 22. h4 f6 23. Ne4 fxe5 24. Nxe5 Nxh4 25. Qg5 Nf3+ 26. Nxf3 Rxf3 27. Qxe7 Nxe7 28. Ng5 Rb3 29. Nxe6 Rc8 30. d5 cxd5 31. Rxc8+ Nxc8 32. Rxd5 Kf7 33. Nd4 Rxb2 34. Rd7+ Kf6 35. Rc7 Ne7 36. Rxa7 Rb4 37. Nc2 1/2-1/2

[Event "Greifswald Springer op"]
[Site "Greifswald"]
[Date "2022.10.10"]
[Round "5"]
[White "Klotzsche, Stefan"]
[Black "Borriss, Benjamin"]
[Result "1-0"]
[WhiteElo "1663"]
[BlackElo "1550"]
[PlyCount "79"]
[EventDate "2022.10.08"]
[EventType "swiss"]
[EventRounds "7"]
[EventCountry "GER"]
[SourceTitle "CBM 210 Extra"]
[Source "ChessBase"]
[SourceDate "2022.11.30"]
[SourceVersion "1"]
[SourceVersionDate "2022.11.30"]
[SourceQuality "1"]

1. Nf3 Nf6 2. g3 d5 3. Bg2 e6 4. d3 Be7 5. 0-0 0-0 6. Nbd2 b6 7. a4 a6 8. e4 Bb7 9. e5 Nfd7 10. d4 c5 11. c3 f5 12. exf6 Bxf6 13. Re1 Re8 14. Ne5 Nc6 15. Ndf3 cxd4 16. cxd4 Ncxe5 17. dxe5 Be7 18. Bh3 Bb4 19. Bd2 Bxd2 20. Qxd2 Nc5 21. Nd4 a5 22. Qe2 Ba6 23. Qg4 Qd7 24. b3 Qf7 25. f4 h5 26. Qg5 Ne4 27. Rxe4 dxe4 28. f5 exf5 29. Nxf5 Qc7 30. e6 Rxe6 31. Nxg7 Qxg7 32. Bxe6+ Kf8 33. Qf5+ Ke7 34. Rc1 Qd4+ 35. Kh1 Rf8 36. Rc7+ Kd8 37. Rd7+ Qxd7 38. Qxf8+ Qe8 39. Qd6+ Qd7 40. Qxd7# 1-0

[Event "Greifswald Springer op"]
[Site "Greifswald"]
[Date "2022.10.09"]
[Round "3"]
[White "Herrmann, Jakob"]
[Black "Borriss, Benjamin"]
[Result "1-0"]
[WhiteElo "1888"]
[BlackElo "1550"]
[PlyCount "83"]
[EventDate "2022.10.08"]
[EventType "swiss"]
[EventRounds "7"]
[EventCountry "GER"]
[SourceTitle "CBM 210 Extra"]
[Source "ChessBase"]
[SourceDate "2022.11.30"]
[SourceVersion "1"]
[SourceVersionDate "2022.11.30"]
[SourceQuality "1"]

1. e4 e5 2. Nf3 Nc6 3. d4 exd4 4. Nxd4 Nf6 5. Nc3 Bb4 6. Nxc6 bxc6 7. Bd3 0-0 8. 0-0 d5 9. exd5 cxd5 10. Bg5 c6 11. Qf3 Bd6 12. h3 Rb8 13. b3 Be5 14. Bf4 Qc7 15. Bxe5 Qxe5 16. Rfe1 Qd6 17. Ne2 Bd7 18. Ng3 g6 19. Ne2 Rfe8 20. Rad1 a5 21. c4 Ne4 22. Bxe4 dxe4 23. Qxf7+ Kxf7 24. Rxd6 Bf5 25. g4 Be6 26. Rxc6 a4 27. Nd4 Bd7 28. Rc7 Re7 29. Re3 Rbe8 30. b4 h5 31. b5 hxg4 32. hxg4 Bxg4 33. Rxe7+ Rxe7 34. c5 Re5 35. c6 Ke7 36. f3 Bf5 37. fxe4 Bg4 38. Kf2 Kd6 39. b6 Re8 40. Kg3 Kc5 41. Kxg4 Kxd4 42. c7 1-0

[Event "Mittelrhein Verbandsliga Sued 1920"]
[Site "Mittelrhein"]
[Date "2019.10.27"]
[Round "2.8"]
[White "Eisentraut, Dieter"]
[Black "Borriss, Benjamin"]
[Result "1-0"]
[WhiteElo "1765"]
[BlackElo "1552"]
[PlyCount "69"]
[EventDate "2019.09.29"]
[EventType "team-tourn"]
[EventRounds "9"]
[EventCountry "GER"]
[SourceTitle "EXT 2023"]
[Source "ChessBase"]
[SourceDate "2022.10.05"]
[SourceVersion "1"]
[SourceVersionDate "2022.10.05"]
[SourceQuality "1"]
[WhiteTeam "Godesberg III"]
[BlackTeam "Siebengebirge"]
[WhiteTeamCountry "GER"]
[BlackTeamCountry "GER"]

1. Nc3 Nf6 2. e4 e5 3. Bc4 Bc5 4. f4 Nc6 5. d3 d6 6. Nf3 Bg4 7. Na4 Bb6 8. Nxb6 axb6 9. h3 Bxf3 10. Qxf3 Nd4 11. Qg3 Qe7 12. Qf2 b5 13. Bb3 Nxb3 14. cxb3 d5 15. fxe5 Qxe5 16. Bf4 Qe7 17. 0-0 dxe4 18. Bg5 0-0 19. dxe4 Qxe4 20. Bxf6 gxf6 21. Qxf6 Qg6 22. Qc3 Qb6+ 23. Kh1 f5 24. Qe5 Rae8 25. Qd5+ Qe6 26. Qxb7 Qe5 27. Rf2 Qd4 28. Raf1 Qc5 29. Qf3 Re3 30. Qh5 Re1 31. Qg5+ Kh8 32. Rxe1 Qxf2 33. Re7 Qxb2 34. Qh6 Qc1+ 35. Qxc1 1-0

[Event "GER-ch U25-B"]
[Site "Willingen"]
[Date "2019.06.12"]
[Round "5"]
[White "Borriss, Benjamin"]
[Black "Stepanov, Maximilian"]
[Result "0-1"]
[WhiteElo "1475"]
[BlackElo "1615"]
[PlyCount "150"]
[EventDate "2019.06.08"]
[EventType "swiss"]
[EventRounds "9"]
[EventCountry "GER"]
[SourceTitle "CBM 191 Extra"]
[Source "ChessBase"]
[SourceDate "2019.09.30"]
[SourceVersion "1"]
[SourceVersionDate "2019.09.30"]
[SourceQuality "1"]

1. d4 d5 2. c4 e6 3. Nc3 Be7 4. Nf3 Nf6 5. e3 0-0 6. Qc2 Nbd7 7. b3 b6 8. Bb2 Bb7 9. Bd3 h6 10. 0-0-0 c5 11. h4 Rc8 12. Kb1 cxd4 13. Nxd4 Nc5 14. cxd5 Nxd5 15. Nxd5 Bxd5 16. Rh3 Nxb3 17. Qe2 Nxd4 18. Bxd4 Bf6 19. g4 e5 20. Bb2 Qd7 21. Bf5 Bc4 22. Rxd7 Bxe2 23. g5 g6 24. gxf6 gxf5 25. Rg3+ Kh8 26. Bxe5 Bc4 27. Bf4 Rfd8 28. Rxd8+ Rxd8 29. Bxh6 Rd1+ 30. Kc2 Rf1 31. Rf3 Bxa2 32. Rf4 b5 33. Kb2 Bb1 34. Rd4 Be4 35. f4 Rf2+ 36. Kc3 Kh7 37. Bg5 Re2 38. Rd7 Rc2+ 39. Kb3 Kg6 40. Rxa7 Re2 41. Kb4 Rxe3 42. Kxb5 Rb3+ 43. Kc4 Rb8 44. Ra1 Rd8 45. Ra5 Rc8+ 46. Kd4 Rd8+ 47. Ke3 Rd3+ 48. Kf2 Rf3+ 49. Ke2 Rc3 50. Ra7 Rc2+ 51. Ke3 Rc3+ 52. Kd2 Rc2+ 53. Kd1 Rc8 54. h5+ Kxh5 55. Rxf7 Rd8+ 56. Ke2 Bd3+ 57. Ke3 Bc4 58. Rh7+ Kg6 59. Rg7+ Kh5 60. f7 Rf8 61. Rh7+ Kg6 62. Rh6+ Kg7 63. Kd4 Bxf7 64. Rb6 Bg6 65. Ke5 Re8+ 66. Re6 Rxe6+ 67. Kxe6 Bh7 68. Ke7 Bg8 69. Bf6+ Kg6 70. Kf8 Kxf6 71. Kxg8 Kg6 72. Kf8 Kh5 73. Kf7 Kg4 74. Ke6 Kxf4 75. Kd5 Ke3 0-1

[Event "GER-ch U25-C"]
[Site "Willingen"]
[Date "2018.05.22"]
[Round "4"]
[White "Pham, Anh Tuan"]
[Black "Borriss, Benjamin"]
[Result "0-1"]
[WhiteElo "1149"]
[BlackElo "1272"]
[PlyCount "148"]
[EventDate "2018.05.19"]
[EventType "swiss"]
[EventRounds "9"]
[EventCountry "GER"]
[SourceTitle "CBM 184 Extra"]
[Source "ChessBase"]
[SourceDate "2018.06.28"]
[SourceVersion "1"]
[SourceVersionDate "2018.06.28"]
[SourceQuality "1"]

1. e4 e5 2. Nf3 Nc6 3. d4 exd4 4. Nxd4 Nf6 5. Nxc6 bxc6 6. Nc3 Bb4 7. Bg5 h6 8. Qd4 Bxc3+ 9. Qxc3 hxg5 10. Bd3 Qe7 11. f3 0-0 12. 0-0-0 Bb7 13. Qa5 d5 14. Rhe1 Qe5 15. exd5 Qf4+ 16. Kb1 cxd5 17. h3 g6 18. Rd2 c5 19. Bb5 Qb4 20. Qxb4 cxb4 21. Re7 Rab8 22. b3 d4 23. Rxd4 Nd5 24. Re5 Rfd8 25. Kb2 f6 26. Re6 Kf7 27. Re2 Nc3 28. Bc4+ Bd5 29. Red2 Ke6 30. R2d3 Rd6 31. a3 a5 32. a4 Rbd8 33. Re3+ Kf7 34. Red3 f5 35. g3 Ke7 36. Bxd5 Rxd5 37. Re3+ Kf7 38. Rc4 Rd1 39. Rc7+ Kf8 40. Rcxc3 bxc3+ 41. Rxc3 Kf7 42. Rc7+ Kf6 43. Rc6+ R8d6 44. Rc5 R1d5 45. Rc8 Re5 46. f4 Re3 47. fxg5+ Kxg5 48. h4+ Kf6 49. Rf8+ Kg7 50. Ra8 Rd5 51. Ra7+ Kh6 52. Ra8 Rxg3 53. Rh8+ Kg7 54. Re8 f4 55. Re7+ Kf6 56. Re4 Rf5 57. b4 axb4 58. a5 Ra3 59. Rxb4 Raxa5 60. Rb6+ Ke5 61. Rxg6 f3 62. Rg1 f2 63. Rf1 Ke4 64. h5 Ke3 65. h6 Rh5 66. h7 Rxh7 67. c4 Ke2 68. Rb1 Rb7+ 69. Kc3 Rxb1 70. Kd4 f1Q 71. c5 Rd1+ 72. Ke4 Qf3+ 73. Ke5 Rxc5+ 74. Ke6 Qf5+ 0-1

[Event "GER-ch U25-C"]
[Site "Willingen"]
[Date "2018.05.20"]
[Round "1"]
[White "Borriss, Benjamin"]
[Black "Trenkelbach, Cassian Karl"]
[Result "1-0"]
[WhiteElo "1272"]
[BlackElo "1076"]
[PlyCount "61"]
[EventDate "2018.05.19"]
[EventType "swiss"]
[EventRounds "9"]
[EventCountry "GER"]
[SourceTitle "CBM 184 Extra"]
[Source "ChessBase"]
[SourceDate "2018.06.28"]
[SourceVersion "1"]
[SourceVersionDate "2018.06.28"]
[SourceQuality "1"]

1. d4 g6 2. c4 d5 3. Bf4 Nc6 4. Nc3 dxc4 5. e3 Nf6 6. Nf3 Bg7 7. Bxc4 Bf5 8. Qb3 0-0 9. Qxb7 Qd7 10. Bb5 Rab8 11. Qxc6 a6 12. Qxd7 Bxd7 13. Bxd7 Nxd7 14. Rb1 Nb6 15. 0-0 Nc4 16. b3 Na3 17. Rbc1 Nb5 18. Nd5 e6 19. Nxc7 Nxc7 20. Rxc7 Rbd8 21. Rfc1 Rb8 22. Ne5 Rbd8 23. Rb7 f6 24. Nc6 Rf7 25. Rxf7 Kxf7 26. Nxd8+ Kg8 27. Rc7 Kh8 28. Nxe6 Bf8 29. Nxf8 Kg8 30. Ne6 Kh8 31. Rc8# 1-0